中国地级行政区,但是回答相邻行政区就算对 Prefectures by Borders - Statistics

General Stats
  • This quiz has been taken 381 times
  • The average score is 315 of 391
Answers on the Map
Answers color-coded by a green-red scale on the quiz's map according to % correct below.
 
Answer Stats
行政区 % Correct
河北省 保定市
96%
河北省 张家口市
96%
河北省 承德市
96%
直辖市 北京市
95%
直辖市 天津市
94%
河北省 廊坊市
94%
山西省 忻州市
94%
浙江省 嘉兴市
94%
湖北省 十堰市
94%
直辖市 重庆市
94%
陕西省 安康市
94%
江苏省 苏州市
93%
江苏省 南通市
93%
福建省 南平市
93%
江西省 宜春市
93%
四川省 泸州市
93%
四川省 雅安市
93%
四川省 资阳市
93%
四川省 阿坝藏族羌族自治州
93%
贵州省 遵义市
93%
内蒙古自治区 鄂尔多斯市
92%
直辖市 上海市
92%
湖北省 黄冈市
92%
湖北省 恩施土家族苗族自治州
92%
湖北省 神农架林区
92%
广东省 韶关市
92%
广东省 佛山市
92%
广东省 惠州市
92%
广东省 清远市
92%
四川省 达州市
92%
四川省 凉山彝族自治州
92%
陕西省 渭南市
92%
陕西省 商洛市
92%
青海省 海东市
92%
新疆维吾尔自治区 巴音郭楞蒙古自治州
92%
山西省 晋中市
91%
山西省 吕梁市
91%
内蒙古自治区 通辽市
91%
内蒙古自治区 乌兰察布市
91%
内蒙古自治区 阿拉善盟
91%
辽宁省 鞍山市
91%
安徽省 滁州市
91%
福建省 福州市
91%
福建省 三明市
91%
福建省 宁德市
91%
湖南省 岳阳市
91%
广东省 广州市
91%
广东省 东莞市
91%
广东省 中山市
91%
四川省 成都市
91%
四川省 德阳市
91%
四川省 广安市
91%
贵州省 铜仁市
91%
云南省 曲靖市
91%
云南省 昭通市
91%
云南省 楚雄彝族自治州
91%
青海省 海北藏族自治州
91%
辽宁省 沈阳市
90%
吉林省 吉林市
90%
吉林省 松原市
90%
黑龙江省 哈尔滨市
90%
浙江省 杭州市
90%
浙江省 湖州市
90%
浙江省 绍兴市
90%
浙江省 衢州市
90%
安徽省 马鞍山市
90%
安徽省 宣城市
90%
江西省 九江市
90%
江西省 抚州市
90%
江西省 上饶市
90%
山东省 青岛市
90%
山东省 淄博市
90%
山东省 烟台市
90%
山东省 潍坊市
90%
山东省 泰安市
90%
山东省 聊城市
90%
河南省 洛阳市
90%
河南省 平顶山市
90%
湖北省 武汉市
90%
湖北省 黄石市
90%
湖北省 荆州市
90%
湖南省 湘西土家族苗族自治州
90%
四川省 内江市
90%
云南省 昆明市
90%
云南省 红河哈尼族彝族自治州
90%
西藏自治区 拉萨市
90%
西藏自治区 林芝市
90%
西藏自治区 山南市
90%
西藏自治区 那曲市
90%
甘肃省 武威市
90%
青海省 海南藏族自治州
90%
山西省 朔州市
89%
吉林省 长春市
89%
吉林省 延边朝鲜族自治州
89%
黑龙江省 牡丹江市
89%
浙江省 金华市
89%
福建省 泉州市
89%
河南省 郑州市
89%
河南省 新乡市
89%
湖北省 孝感市
89%
湖北省 咸宁市
89%
四川省 遂宁市
89%
西藏自治区 日喀则市
89%
陕西省 咸阳市
89%
陕西省 汉中市
89%
青海省 海西蒙古族藏族自治州
89%
新疆维吾尔自治区 昌吉回族自治州
89%
黑龙江省 伊春市
88%
黑龙江省 佳木斯市
88%
黑龙江省 七台河市
88%
黑龙江省 绥化市
88%
江苏省 扬州市
88%
安徽省 黄山市
88%
安徽省 六安市
88%
山东省 济南市
88%
山东省 德州市
88%
山东省 滨州市
88%
河南省 开封市
88%
河南省 焦作市
88%
湖北省 仙桃市
88%
湖南省 长沙市
88%
湖南省 株洲市
88%
湖南省 益阳市
88%
广西壮族自治区 南宁市
88%
广西壮族自治区 百色市
88%
广西壮族自治区 来宾市
88%
云南省 玉溪市
88%
陕西省 西安市
88%
陕西省 宝鸡市
88%
甘肃省 白银市
88%
甘肃省 酒泉市
88%
新疆维吾尔自治区 乌鲁木齐市
88%
新疆维吾尔自治区 吐鲁番市
88%
山西省 阳泉市
87%
内蒙古自治区 呼和浩特市
87%
辽宁省 阜新市
87%
辽宁省 铁岭市
87%
黑龙江省 大庆市
87%
江苏省 泰州市
87%
安徽省 合肥市
87%
安徽省 安庆市
87%
江西省 南昌市
87%
江西省 赣州市
87%
山东省 日照市
87%
湖北省 鄂州市
87%
湖南省 湘潭市
87%
广西壮族自治区 河池市
87%
四川省 眉山市
87%
四川省 甘孜藏族自治州
87%
贵州省 毕节市
87%
陕西省 延安市
87%
青海省 西宁市
87%
宁夏回族自治区 吴忠市
87%
内蒙古自治区 包头市
86%
内蒙古自治区 兴安盟
86%
内蒙古自治区 锡林郭勒盟
86%
江苏省 南京市
86%
江苏省 常州市
86%
浙江省 台州市
86%
安徽省 淮南市
86%
福建省 龙岩市
86%
江西省 萍乡市
86%
河南省 许昌市
86%
湖南省 娄底市
86%
广西壮族自治区 崇左市
86%
甘肃省 张掖市
86%
甘肃省 庆阳市
86%
甘肃省 陇南市
86%
青海省 果洛藏族自治州
86%
河北省 石家庄市
85%
河北省 邢台市
85%
辽宁省 大连市
85%
辽宁省 丹东市
85%
辽宁省 锦州市
85%
辽宁省 辽阳市
85%
吉林省 四平市
85%
江苏省 徐州市
85%
江苏省 连云港市
85%
江苏省 镇江市
85%
山东省 临沂市
85%
河南省 南阳市
85%
湖南省 郴州市
85%
湖南省 怀化市
85%
广东省 梅州市
85%
广东省 河源市
85%
广西壮族自治区 防城港市
85%
广西壮族自治区 钦州市
85%
广西壮族自治区 贵港市
85%
宁夏回族自治区 银川市
85%
新疆维吾尔自治区 阿勒泰地区
85%
河北省 衡水市
84%
内蒙古自治区 赤峰市
84%
内蒙古自治区 呼伦贝尔市
84%
辽宁省 本溪市
84%
辽宁省 营口市
84%
辽宁省 朝阳市
84%
黑龙江省 齐齐哈尔市
84%
安徽省 芜湖市
84%
福建省 莆田市
84%
福建省 漳州市
84%
陕西省 榆林市
84%
甘肃省 兰州市
84%
甘肃省 定西市
84%
甘肃省 临夏回族自治州
84%
青海省 玉树藏族自治州
84%
宁夏回族自治区 石嘴山市
84%
黑龙江省 黑河市
83%
江苏省 盐城市
83%
浙江省 丽水市
83%
安徽省 铜陵市
83%
贵州省 安顺市
83%
云南省 普洱市
83%
云南省 迪庆藏族自治州
83%
新疆维吾尔自治区 和田地区
83%
山西省 太原市
82%
辽宁省 抚顺市
82%
安徽省 宿州市
82%
山东省 济宁市
82%
山东省 菏泽市
82%
广东省 茂名市
82%
广西壮族自治区 梧州市
82%
广西壮族自治区 玉林市
82%
贵州省 黔南布依族苗族自治州
82%
西藏自治区 昌都市
82%
新疆维吾尔自治区 阿克苏地区
82%
吉林省 白城市
81%
黑龙江省 大兴安岭地区
81%
江苏省 宿迁市
81%
江西省 吉安市
81%
河南省 信阳市
81%
广东省 湛江市
81%
广西壮族自治区 贺州市
81%
云南省 丽江市
81%
西藏自治区 阿里地区
81%
山西省 大同市
80%
江苏省 无锡市
80%
江苏省 淮安市
80%
浙江省 温州市
80%
安徽省 淮北市
80%
福建省 厦门市
80%
河南省 三门峡市
80%
湖北省 襄阳市
80%
广东省 云浮市
80%
广西壮族自治区 柳州市
80%
广西壮族自治区 桂林市
80%
海南省 澄迈县
80%
贵州省 贵阳市
80%
云南省 大理白族自治州
80%
河北省 唐山市
79%
河北省 邯郸市
79%
山西省 长治市
79%
山西省 临汾市
79%
河南省 驻马店市
79%
湖北省 宜昌市
79%
广东省 深圳市
79%
广西壮族自治区 北海市
79%
海南省 定安县
79%
海南省 保亭黎族苗族自治县
79%
云南省 怒江傈僳族自治州
79%
新疆维吾尔自治区 哈密市
79%
河北省 秦皇岛市
78%
浙江省 宁波市
78%
安徽省 池州市
78%
山东省 枣庄市
78%
湖南省 永州市
78%
广东省 江门市
78%
海南省 文昌市
78%
海南省 乐东黎族自治县
78%
台湾省 新北市
78%
台湾省 高雄市
78%
台湾省 南投县
78%
台湾省 花莲县
78%
河北省 沧州市
77%
山西省 运城市
77%
内蒙古自治区 巴彦淖尔市
77%
山东省 威海市
77%
河南省 安阳市
77%
湖北省 随州市
77%
湖南省 常德市
77%
广东省 潮州市
77%
海南省 海口市
77%
四川省 绵阳市
77%
贵州省 黔西南布依族苗族自治州
77%
云南省 保山市
77%
甘肃省 甘南藏族自治州
77%
台湾省 台北市
77%
台湾省 嘉义县
77%
吉林省 白山市
76%
河南省 濮阳市
76%
湖北省 荆门市
76%
广东省 肇庆市
76%
贵州省 黔东南苗族侗族自治州
76%
新疆维吾尔自治区 喀什地区
76%
辽宁省 葫芦岛市
75%
吉林省 通化市
75%
湖南省 邵阳市
75%
广东省 揭阳市
75%
海南省 陵水黎族自治县
75%
云南省 临沧市
75%
甘肃省 平凉市
75%
新疆维吾尔自治区 塔城地区
75%
新疆维吾尔自治区 五家渠市
75%
特别行政区 香港特别行政区
75%
山西省 晋城市
74%
安徽省 阜阳市
74%
河南省 商丘市
74%
河南省 周口市
74%
广东省 阳江市
74%
宁夏回族自治区 中卫市
74%
台湾省 台中市
74%
台湾省 宜兰县
74%
内蒙古自治区 乌海市
73%
广东省 珠海市
73%
广东省 汕尾市
73%
海南省 三亚市
73%
四川省 广元市
73%
四川省 宜宾市
73%
贵州省 六盘水市
73%
新疆维吾尔自治区 伊犁哈萨克自治州
73%
吉林省 辽源市
72%
河南省 济源市
72%
广东省 汕头市
72%
海南省 琼中黎族苗族自治县
72%
四川省 巴中市
72%
陕西省 铜川市
72%
新疆维吾尔自治区 克孜勒苏柯尔克孜自治州
72%
安徽省 蚌埠市
71%
安徽省 亳州市
71%
四川省 攀枝花市
71%
四川省 南充市
71%
甘肃省 金昌市
71%
青海省 黄南藏族自治州
71%
台湾省 台南市
71%
黑龙江省 鸡西市
70%
黑龙江省 双鸭山市
70%
江西省 景德镇市
70%
四川省 乐山市
70%
台湾省 台东县
70%
湖南省 衡阳市
69%
湖南省 张家界市
69%
台湾省 新竹县
69%
山东省 东营市
68%
云南省 西双版纳傣族自治州
68%
甘肃省 天水市
68%
台湾省 彰化县
68%
台湾省 屏东县
68%
辽宁省 盘锦市
67%
河南省 漯河市
67%
湖北省 潜江市
67%
海南省 白沙黎族自治县
67%
新疆维吾尔自治区 克拉玛依市
67%
新疆维吾尔自治区 胡杨河市
67%
黑龙江省 鹤岗市
66%
河南省 鹤壁市
66%
四川省 自贡市
66%
云南省 文山壮族苗族自治州
66%
江西省 鹰潭市
65%
湖北省 天门市
65%
台湾省 苗栗县
65%
宁夏回族自治区 固原市
64%
海南省 儋州市
63%
海南省 琼海市
63%
海南省 五指山市
62%
海南省 昌江黎族自治县
62%
甘肃省 嘉峪关市
62%
新疆维吾尔自治区 博尔塔拉蒙古自治州
61%
江西省 新余市
60%
新疆维吾尔自治区 图木舒克市
60%
台湾省 桃园市
59%
特别行政区 澳门特别行政区
57%
海南省 万宁市
56%
海南省 临高县
56%
云南省 德宏傣族景颇族自治州
55%
新疆维吾尔自治区 石河子市
55%
海南省 东方市
53%
台湾省 云林县
53%
浙江省 舟山市
52%
新疆维吾尔自治区 新星市
51%
海南省 屯昌县
50%
新疆维吾尔自治区 阿拉尔市
50%
新疆维吾尔自治区 北屯市
49%
新疆维吾尔自治区 铁门关市
47%
新疆维吾尔自治区 昆玉市
46%
台湾省 基隆市
46%
海南省 三沙市
45%
新疆维吾尔自治区 可克达拉市
45%
新疆维吾尔自治区 双河市
39%
台湾省 新竹市
38%
新疆维吾尔自治区 白杨市
36%
台湾省 澎湖县
34%
台湾省 嘉义市
26%
No matching quizzes found
Score Distribution
Percent of People with Each Score
Percentile by Number Answered
Your Score History
You have not taken this quiz